000 00845nam a22001937a 4500
008 110811s1993 ua||||| |||| 00| 0 ara d
020 _a9772571234
082 _222
_a297
_bك ا ر
100 1 _926661
_aكاريه ، أوليفييه
245 _aفي ظلال القرآن :
_bرؤية استشراقية فرنسية /
_cأوليفييه كاريه ؛ ترجمة محمد رضا عجاج
300 _a390 ص ؛
_c24 سم.
504 _aيشتمل على إرجاعات ببليوجرافية 379 - 387
650 _913667
_aالإسلام
650 _913668
_aالإسلام والمجتمع
653 _bGeneral
_cAugust2011
700 1 _926662
_aعجاج ، محمد رضا
_eترجمة
942 _2ddc
_cBB
999 _c15811
_d15811